Patriotizmus
Elmentve itt :
| Szerző: | |
|---|---|
| Adatforrás: | Meister |
| Forrásdokumentuma: | A Hét. - 6 sz., 1993, 4-5 p. |
| Nyelv: | magyar |
| Kulcsszavak: | politika-filozófia hazafiság patriotizmus igazságosság szabadság nacionalizmus & patriotizmus ARISZTOTELÉSZ CICERO Marcus Tullius CONSTANT Benjamin NIETZSCHE Friedrich MARX Karl PLÁTON |
| LEADER | 00675nab a2200253 i 4500 | ||
|---|---|---|---|
| 001 | bibPRO00005397 | ||
| 008 | 060524s1993 xx hun | ||
| 040 | |a Sz1 | ||
| 041 | |a hun | ||
| 100 | 1 | |a TAMÁS GÁSPÁR Miklós | |
| 245 | 1 | 0 | |a Patriotizmus |c TAMÁS GÁSPÁR Miklós |
| 695 | |a politika-filozófia | ||
| 695 | |a hazafiság | ||
| 695 | |a patriotizmus | ||
| 695 | |a igazságosság | ||
| 695 | |a szabadság | ||
| 695 | |a nacionalizmus & patriotizmus | ||
| 695 | |a ARISZTOTELÉSZ | ||
| 695 | |a CICERO Marcus Tullius | ||
| 695 | |a CONSTANT Benjamin | ||
| 695 | |a NIETZSCHE Friedrich | ||
| 695 | |a MARX Karl | ||
| 695 | |a PLÁTON | ||
| 773 | 0 | |t A Hét. - |g 6 sz., 1993, 4-5 p. | |